000 00835nam a2200217Ia 4500
001 8861
003 GE_BSU
008 181216s||||||||xx |||||||||||||| ||und||
040 _cGE_BSU
100 _aკალანდია,ზაურ
245 _aესკიზები საშემოდგომო განწყობილებისათვის
245 _bმოთხრობები
245 _cრედ.ნ.ლორთქიფანიძე. მხატვ. გ.ლონტი
260 _aთბილისი
260 _bნაკადული
260 _c1986
300 _a152გვ.16სმ.
653 _aესკიზები საშემოდგომო განწყობილებისათვის
653 _aმოთხრობები
942 _cBK
999 _c42168
_d42168